Guia para la seleccion de resinas de intercambio ionico
Guardado en:
| Hovedforfatter: | |
|---|---|
| Format: | Bog |
| Udgivet: |
San José, C.R.
2003
|
| Fag: | |
| Tags: |
Tilføj Tag
Ingen Tags, Vær først til at tagge denne postø!
|
MARC
| LEADER | 00000nam a2200000Ia 4500 | ||
|---|---|---|---|
| 003 | 009044 | ||
| 005 | 20221231144150.0 | ||
| 008 | 140114s2003 cr a m 000 ||s d | ||
| 040 | |c cru CEDI | ||
| 090 | |a TFG 4607 | ||
| 100 | |a Herrera Ramírez, Ana Gabriela |9 7144 | ||
| 245 | |a Guia para la seleccion de resinas de intercambio ionico | ||
| 260 | |c 2003 |a San José, C.R. | ||
| 300 | |a x, 260 páginas : ilustraciones | ||
| 500 | |a Proyecto de graduación (licenciatura en ingeniería química)--Universidad de Costa Rica. Facultad de Ingeniería. Escuela de Ingeniería Química | ||
| 650 | |x RESINAS DE INTERCAMBIO IONICO |x APLICACIONES INDUSTRIALES |x INTERCAMBIO DE IONES |9 7143 | ||
| 942 | |c TFG | ||
| 999 | |c 17838 |d 17838 | ||
